| 000 | 00329nam a22001217a 4500 | ||
|---|---|---|---|
| 082 |
_a297 _bThanvi _cMasjid |
||
| 100 |
_aHakeem ul Ummat Maulana Ashraf Ali Thanvi _951163 |
||
| 245 | _aسکون قلب | ||
| 260 |
_aLahore _bIslami Kutab Khana |
||
| 300 | _a448 | ||
| 526 |
_a0 _b0 _c0 _d297_000000000000000_THANVI |
||
| 942 |
_2ddc _cBK |
||
| 999 |
_c553924 _d553924 |
||